000 00532nam a2200181 a 4500
005 20210223125143.0
008 031003s2000 mx r 000 0 spa d
035 _aUPN01000129558
049 _aCG
050 4 _aTS158.2
_bC9.3
245 0 0 _aCurso básico de programación pert /
_cInstituto Mexicano del Seguro Social.
260 _aMéxico :
_bIMSS,
_c[19--]
300 _a155 P. :
_bil.
500 _aFotocopia
650 4 _aPERT (ANALISIS DE REDES)
710 2 _aInstituto Mexicano del Seguro Social
_928913
905 _aLibro
999 _c101730
_d101730